Der Sinnreiche Junker Don Quijote von der Mancha (Record no. 2713)

MARC details
000 -CABECERA
campo de control de longitud fija 01706nam a2200301 a 4500
001 - NÚMERO DE CONTROL
campo de control BRCA_2974
005 - FECHA Y HORA DE LA ÚLTIMA TRANSACCIÓN
campo de control 20190320204042.0
008 - DATOS DE LONGITUD FIJA--INFORMACIÓN GENERAL
campo de control de longitud fija 181208s1905----fr-#---###---#000-0#ger-u
041 ## - CÓDIGO DE LENGUA
Código de lengua del texto/banda sonora o título independiente ger
044 ## - CÓDIGO DEL PAÍS DE LA ENTIDAD EDITORA/PRODUCTORA
Código MARC del país fr
084 ## - OTRO NÚMERO DE CLASIFICACIÓN
Número de clasificación 301
Número de documento/Ítem .T78
-- 1905
100 1# - ENTRADA PRINCIPAL--NOMBRE DE PERSONA
Nombre de persona Cervantes Saavedra, Miguel de
Fechas asociadas al nombre 1547-1616
9 (RLIN) 213
245 10 - MENCIÓN DE TÍTULO
Título Der Sinnreiche Junker Don Quijote von der Mancha
Mención de responsabilidad, etc. von Miguel de Cervantes Savedra.
260 ## - PUBLICACIÓN, DISTRIBUCIÓN, ETC.
Lugar de publicación, distribución, etc. Estrasburgo (Francia)
Nombre del editor, distribuidor, etc. Karl J. Trübner
Fecha de publicación, distribución, etc. 1905
300 ## - DESCRIPCIÓN FÍSICA
Extensión 4 v.
Dimensiones 21 cm.
500 ## - NOTA GENERAL
Nota general Contenido : v 1. Primera parte. Prefacio de H. Morfé. Nota sobre la pronunciación de las palabras española. Introducción del autor. Prólogo del autor. Preliminares. Texto. -- v 2. Texto. -- v 3. Segunda parte. Prólogo del autor. Preliminares. Dedicatoria del autor. Texto. -- v 4. Texto
500 ## - NOTA GENERAL
Nota general Edición : Übersetzt, eingeleitet und mit Erläuterungen versehen von Ludwig Braunsfels. Neue revidierte Jubiläumsausgabe
500 ## - NOTA GENERAL
Nota general Es una reproducción de la traducción de Ludwig Braunfels, la más completa de las traducciones alemanas, publicada con motivo de la celebración del tercer cementerio de la publicación de la primera parte del Quijote. Hermosa edición, espléndidamente impresa en papel de Holanda. Tela; con adornos dorados en lomeras y cubiertas Lúdovik Osterc
500 ## - NOTA GENERAL
Nota general QM535A
546 ## - NOTA DE LENGUA/LENGUAJE
Nota de lengua/lenguaje Texto en : alemán
650 14 - PUNTO DE ACCESO ADICIONAL DE MATERIA--TÉRMINO DE MATERIA
Término de materia o nombre geográfico como elemento de entrada Novela española
Subdivisión cronológica Época clásica, 1500-1700
9 (RLIN) 215
650 14 - PUNTO DE ACCESO ADICIONAL DE MATERIA--TÉRMINO DE MATERIA
Término de materia o nombre geográfico como elemento de entrada Literatura española
Subdivisión cronológica Época clásica, 1500-1700
9 (RLIN) 216
650 14 - PUNTO DE ACCESO ADICIONAL DE MATERIA--TÉRMINO DE MATERIA
Término de materia o nombre geográfico como elemento de entrada Novela española
Subdivisión cronológica Siglo XVII
9 (RLIN) 217
650 14 - PUNTO DE ACCESO ADICIONAL DE MATERIA--TÉRMINO DE MATERIA
Término de materia o nombre geográfico como elemento de entrada Don Quijote (Personaje ficticio)
Término indicativo de función/relación Novela
9 (RLIN) 218
740 0# - PUNTO DE ACCESO ADICIONAL--TÍTULO RELACIONADO O ANALÍTICO NO CONTROLADO
Título relacionado o analítico no controlado El Ingenioso Hidalgo Don Quijote de la Mancha
902 ## - CATALOGADOR
Iniciales QFM
942 ## - ELEMENTOS DE PUNTO DE ACCESO ADICIONAL (KOHA)
Fuente del sistema de clasificación o colocación Library of Congress Classification
Tipo de ítem Koha Libros
Holdings
Estado de retiro Estado de pérdida Estado dañado No para préstamo Localización permanente Ubicación/localización actual Fecha de adquisición Número de inventario Total de préstamos Signatura topográfica completa Código de barras Fecha visto por última vez Precio válido a partir de Tipo de ítem Koha
El ejemplar forma parte de la colección y puede ser consultado según las políticas vigentes.       Biblioteca del Museo Franz Mayer (Rogerio Casas-Alatriste) Biblioteca del Museo Franz Mayer (Rogerio Casas-Alatriste) 18/12/2008 QM535A   301 .T78 1905 (QM535A) 2971 22/03/2019 22/03/2019 Libros